00548nam a22001697a 450000500170000001000150001702000260003203500130005803700130007124501100008426000310019427000790022530000230030450000190032770000170034670000150036320130905110633.0 aENG-107576 a9780415811996c795.00 aEN-91109 bDBAD/PUB aRouteing democracy in the Himalayas :cedited by Vibha Arora [and] N.Jayarambexperiment and experience / aNew DelhibRoutledgec2013 a912, Tolstoy House, 15-17 Tolstoy Marg, Connaught PlacebNew Delhie110001 axv,303p.c23cm(Hb) aincludes index dArora, Vibha dJayaram, N